000 00811nam a2200229Ia 4500
003 GCL
008 140319s9999 xx 000 0 ara d
020 _a1726086977
040 _aGCL /
_cGCL
082 0 4 _a372.218
_bت ق
100 1 _aتودرى مرقص حنا
245 1 0 _aقضايا ورؤى معاصرة فى تربية الطفل /
_cتودرى مرقص حنا
700 1 _aجورجيت دميان جورج
260 _aالقاهرة :
_bالدار العالمية للنشر والتوزيع ،
_c2005
300 _a207 ص ؛
_c25 سم
650 0 4 _aرياض الاطفال
650 0 4 _aتعليم الاطفال
650 0 4 _aالاطفال - تربية
650 0 4 _aالاطفال المعوقون - تعليم
650 0 4 _aالقراءة عند الاطفال
942 _2ddc
_cBK
999 _c56652
_d56652